[Event "GRE-chT 40th"]
[Site "Achaia"]
[Date "2012.07.03"]
[Round "5.9"]
[White "Hnara, Maria Danai"]
[Black "Lalaouni, Konstantina"]
[Result "1-0"]
[WhiteElo "1664"]
[BlackElo "1522"]
[PlyCount "73"]
[EventDate "2012.06.30"]
[EventType "team-swiss"]
[EventRounds "7"]
[EventCountry "GRE"]
[SourceTitle "CBM 149 Extra"]
[Source "ChessBase"]
[SourceDate "2012.08.24"]
[SourceVersion "1"]
[SourceVersionDate "2012.08.24"]
[SourceQuality "1"]
[WhiteTeam "Chania Kydon"]
[BlackTeam "Von Heraklion Contact"]
[WhiteTeamCountry "GRE"]
[BlackTeamCountry "GRE"]

1. e4 e6 2. b3 d5 3. Bb2 dxe4 4. Nc3 Nf6 5. Qe2 Bd7 6. Nxe4 Be7 7. 0-0-0 Nxe4 8. Qxe4 Bc6 9. Qg4 Bf6 10. d4 Nd7 11. Ba3 b5 12. f4 g6 13. d5 Bxd5 14. Bxb5 c6 15. Qe2 Qa5 16. Ba4 Nb6 17. Qd2 Bc3 18. Qd3 Nxa4 19. bxa4 0-0-0 20. Ne2 Bf6 21. Qe3 Bxg2 22. Rhg1 Rxd1+ 23. Rxd1 Qxa4 24. Qc5 Bf3 25. Nd4 Bxd1 26. Nxc6 Qxf4+ 27. Kxd1 Qc7 28. Nxa7+ Kb7 29. Qb5+ Kxa7 30. Bc5+ Ka8 31. Qa6+ Kb8 32. Bd6 Rd8 33. Qb6+ Ka8 34. Qxc7 Bg5 35. Ke2 h5 36. Bc5 Rd2+ 37. Ke1 1-0

[Event "GRE-chT 37th"]
[Site "Kallithea"]
[Date "2009.07.09"]
[Round "9"]
[White "Lalaouni, Konstantina"]
[Black "Tsolaki, Eleni"]
[Result "0-1"]
[WhiteElo "1595"]
[BlackElo "1682"]
[PlyCount "72"]
[EventDate "2009.07.03"]
[EventType "team-tourn"]
[EventRounds "9"]
[EventCountry "GRE"]
[SourceTitle "CBM 131 Extra"]
[Source "ChessBase"]
[SourceDate "2009.09.03"]
[SourceVersion "2"]
[SourceVersionDate "2009.09.16"]
[SourceQuality "1"]

1. e4 c5 2. c3 d5 3. exd5 Qxd5 4. d4 g6 5. Nf3 Bg7 6. Na3 a6 7. Bc4 Qe4+ 8. Be3 cxd4 9. Bxf7+ Kf8 10. 0-0 Bg4 11. Bxg8 Rxg8 12. Bxd4 Bxd4 13. cxd4 Nc6 14. Re1 Qf4 15. Qe2 Bxf3 16. gxf3 Qxd4 17. Rad1 Qf6 18. Kg2 b5 19. Qe4 Rd8 20. Rxd8+ Nxd8 21. Qd5 Kg7 22. Qd7 Kf7 23. Nc2 Ne6 24. Qd5 Rd8 25. Qb3 Qg5+ 26. Kf1 Qd5 27. Qe3 Qc4+ 28. Qe2 Qxe2+ 29. Rxe2 Nf4 30. Re4 Rd1+ 31. Re1 Rd2 32. Re4 g5 33. Nb4 Rxb2 34. Nxa6 Nd3 35. Re2 Rb1+ 36. Kg2 Nf4+ 0-1

[Event "GRE-chT 37th"]
[Site "Kallithea"]
[Date "2009.07.05"]
[Round "5"]
[White "Lalaouni, Konstantina"]
[Black "Papathanasiou, Elisavet"]
[Result "0-1"]
[WhiteElo "1595"]
[BlackElo "1638"]
[PlyCount "96"]
[EventDate "2009.07.03"]
[EventType "team-tourn"]
[EventRounds "9"]
[EventCountry "GRE"]
[SourceTitle "CBM 131 Extra"]
[Source "ChessBase"]
[SourceDate "2009.09.03"]
[SourceVersion "2"]
[SourceVersionDate "2009.09.16"]
[SourceQuality "1"]

1. e4 c5 2. c3 d5 3. exd5 Qxd5 4. d4 g6 5. Nf3 Bg7 6. Be3 cxd4 7. Nxd4 a6 8. Na3 Qd8 9. Bc4 Nf6 10. Qb3 0-0 11. Rd1 Qc7 12. 0-0 Ng4 13. Nf3 Nxe3 14. fxe3 e6 15. Qc2 b5 16. Bd3 Bb7 17. Be4 Nd7 18. Bxb7 Qxb7 19. Rf2 Rac8 20. Qe2 Nc5 21. Nc2 Ne4 22. Rff1 Qc7 23. Qe1 Qc4 24. Nd2 Nxd2 25. Qxd2 Rc5 26. Qf2 Rf5 27. Qd2 Rh5 28. a3 Qh4 29. h3 Rg5 30. Rf3 Be5 31. Qe2 Bg3 32. Kf1 Qe4 33. Rd4 Qe5 34. Qd2 Qc7 35. Rd7 Qe5 36. Rd8 Qc5 37. Rxf8+ Qxf8 38. e4 Qe7 39. Rd3 Be5 40. Kg1 Qf6 41. Qf2 Qe7 42. Nb4 Qb7 43. Qe2 Bc7 44. Qd2 Bb6+ 45. Kf1 Re5 46. Rd7 Qxe4 47. Rd3 Qf5+ 48. Rf3 Qb1+ 0-1

[Event "GRE-chT 37th"]
[Site "Kallithea"]
[Date "2009.07.05"]
[Round "3"]
[White "Lalaouni, Konstantina"]
[Black "Vafiadou, Asimenia"]
[Result "1/2-1/2"]
[WhiteElo "1595"]
[BlackElo "1588"]
[PlyCount "63"]
[EventDate "2009.07.03"]
[EventType "team-tourn"]
[EventRounds "9"]
[EventCountry "GRE"]
[SourceTitle "CBM 131 Extra"]
[Source "ChessBase"]
[SourceDate "2009.09.03"]
[SourceVersion "2"]
[SourceVersionDate "2009.09.16"]
[SourceQuality "1"]

1. e4 Nf6 2. e5 Nd5 3. d4 d6 4. f4 dxe5 5. fxe5 Nc6 6. Bb5 Bd7 7. Nf3 Bg4 8. 0-0 a6 9. Be2 f6 10. exf6 Nxf6 11. c3 Bxf3 12. Bxf3 Qd7 13. Bf4 e6 14. Nd2 Bd6 15. Bxc6 Qxc6 16. Qe2 Bxf4 17. Rxf4 0-0-0 18. Nc4 Rhe8 19. Ne5 Qb6 20. Re1 Kb8 21. Nc4 Qc6 22. Rf3 Re7 23. Re3 Rde8 24. Ne5 Qd6 25. Nd3 Nd7 26. g3 Kc8 27. Ne5 Nf6 28. Rd3 Kb8 29. Re3 Kc8 30. Nd3 Nd7 31. Ne5 Nf6 32. Nd3 1/2-1/2

[Event "Peiraikos 60th Anniv op"]
[Site "Piraeus"]
[Date "2006.09.08"]
[Round "7"]
[White "Lalaouni, Konstantina"]
[Black "Spanos, Georgios"]
[Result "1/2-1/2"]
[WhiteElo "1085"]
[BlackElo "1245"]
[PlyCount "80"]
[EventDate "2006.09.02"]
[EventType "swiss"]
[EventRounds "7"]
[EventCountry "GRE"]
[SourceTitle "EXT 2008"]
[Source "ChessBase"]
[SourceDate "2007.11.25"]
[SourceVersion "1"]
[SourceVersionDate "2007.11.25"]
[SourceQuality "1"]

1. e4 e5 2. Nf3 Nc6 3. Bc4 Bc5 4. c3 Nf6 5. d3 d6 6. 0-0 Be6 7. Bb3 Qd7 8. Be3 Bb6 9. Nbd2 Ng4 10. Re1 Nxe3 11. fxe3 f5 12. Ng5 Bxb3 13. axb3 f4 14. Nc4 0-0 15. Nxb6 axb6 16. exf4 exf4 17. Rf1 h6 18. Nh3 g5 19. Qh5 Kg7 20. Nf2 Qf7 21. Qxf7+ Kxf7 22. Ng4 Kg6 23. h3 Na5 24. Ra3 Ra7 25. Rfa1 Rfa8 26. e5 h5 27. b4 hxg4 28. bxa5 Rxa5 29. Rxa5 Rxa5 30. Rxa5 bxa5 31. exd6 cxd6 32. hxg4 Kf6 33. Kf2 b5 34. Kf3 d5 35. d4 Ke6 36. Ke2 Kd6 37. Kd3 Kc6 38. Kc2 Kb6 39. b4 axb4 40. cxb4 Kc6 1/2-1/2

[Event "Peiraikos 60th Anniv op"]
[Site "Piraeus"]
[Date "2006.09.07"]
[Round "6"]
[White "Lalaouni, Konstantina"]
[Black "Giovanoudis, Antonios"]
[Result "1-0"]
[WhiteElo "1085"]
[BlackElo "1000"]
[PlyCount "85"]
[EventDate "2006.09.02"]
[EventType "swiss"]
[EventRounds "7"]
[EventCountry "GRE"]
[SourceTitle "EXT 2008"]
[Source "ChessBase"]
[SourceDate "2007.11.25"]
[SourceVersion "1"]
[SourceVersionDate "2007.11.25"]
[SourceQuality "1"]

1. e4 e5 2. Nf3 d6 3. h3 Be7 4. Bc4 Nf6 5. d3 0-0 6. Be3 c5 7. 0-0 Nc6 8. c3 Qb6 9. Qb3 Qc7 10. Ng5 Bd8 11. Qc2 Na5 12. Bb3 Nxb3 13. Qxb3 h6 14. Nf3 Be6 15. Qc2 b6 16. Na3 Qb7 17. Nb5 Ne8 18. d4 f6 19. Na3 Be7 20. d5 Bf7 21. Nh4 Nc7 22. Nf5 Rfe8 23. Nc4 Rad8 24. f4 a6 25. Rf3 Nxd5 26. exd5 Bxd5 27. Rg3 Be4 28. Nxe7+ Kh7 29. Qf2 Rxe7 30. Rd1 d5 31. Nd2 Red7 32. fxe5 f5 33. Nxe4 fxe4 34. Qf5+ Kh8 35. e6 Rd6 36. Qe5 Qe7 37. Bxh6 Rg8 38. Bxg7+ Rxg7 39. Rxg7 Qxg7 40. Qxd6 e3 41. e7 Qf7 42. Qe5+ Kh7 43. Qxe3 1-0

[Event "Nikaia op 14th"]
[Site "Nikaia"]
[Date "2006.08.??"]
[Round "1"]
[White "Stiris, Panayotis"]
[Black "Lalaouni, Konstantina"]
[Result "1/2-1/2"]
[WhiteElo "1978"]
[BlackElo "1085"]
[PlyCount "92"]
[EventDate "2006.08.??"]
[EventType "swiss"]
[EventRounds "9"]
[EventCountry "GRE"]
[SourceTitle "EXT 2008"]
[Source "ChessBase"]
[SourceDate "2007.11.25"]
[SourceVersion "1"]
[SourceVersionDate "2007.11.25"]
[SourceQuality "1"]

1. e4 c6 2. d4 d5 3. Nc3 dxe4 4. Nxe4 Bf5 5. Ng3 Bg6 6. h4 h6 7. Nf3 e6 8. h5 Bh7 9. Bd3 Bxd3 10. Qxd3 Nf6 11. Bf4 Bd6 12. Ne5 Nbd7 13. Nxf7 Bb4+ 14. c3 Bxc3+ 15. bxc3 Kxf7 16. Qg6+ Kg8 17. 0-0 Qe8 18. Qc2 Nxh5 19. Nxh5 Qxh5 20. Qb3 Nb6 21. Qxe6+ Qf7 22. Qg4 Kh7 23. Rfe1 Rhe8 24. Be5 Nd7 25. f4 Nxe5 26. fxe5 Rad8 27. Rf1 Qd7 28. Qe4+ Kg8 29. Rf3 Rf8 30. Raf1 Qe7 31. c4 Rxf3 32. Rxf3 Rf8 33. Rxf8+ Qxf8 34. e6 Qe7 35. Qf5 a6 36. g3 b5 37. Qe4 bxc4 38. Qxc6 c3 39. d5 Qa7+ 40. Kg2 Qe3 41. Qe8+ Kh7 42. Qf7 Qe2+ 43. Kh3 c2 44. Qf5+ Kh8 45. Qf8+ Kh7 46. Qf5+ Kh8 1/2-1/2